000 00573nam a2200169 4500
008 050927s1983 -hk chi
090 _aPA881
_bB23n
100 1 _aBarclay, William
245 1 0 _aNew Testament words {ch} /
_cWilliam Barclay.
260 _a2nd ed.
260 _aHK:
_b Chinese Christian Literature Council Ltd.,
_c1983.
300 _a230 p.
630 0 4 _aBible. N.T.
_xDictionaries {ch}.
650 4 _aGreek language, Biblical
_xDictionaries {ch}.
700 1 _aDunn, Joe, trans.
951 _pC-635
_x00000868
_oPA881/B23n
_j070613111520968
_d2000-12-21
_cREF-CH
999 _c24734
_d24734